00368nam a2200133Ia 450000500170000000800410001702000180005804000090007608200170008510000170010224500270011926000440014630000440019020231025102737.0210805s9999 xx 000 0 und d a9780636085299 c3228 aZUL JF CASE  aCase, Dianne 0aUyindoda ehloniphekile aCape Town:bMaskew Miller Longmanc2008 a24 PagesbColour illustrationsc21.5 cm